Culture Générale - Série 2573 - Statistiques

Statistiques générales
  • Ce quiz a été pris 101 fois
  • Le résultat moyen est 5 sur 10
Statistiques - réponses
Question Réponse % Correct
Dans quelle ville des Etats Unis se trouve le célèbre quartier d'Hollywood réputé pour ses studios de cinéma ? Los Angeles
93%
Quel est le prénom de l'auteur de la longue nouvelle fantastique et psychologique "Le Horla" parue en1886 ? Guy
73%
De quel pays est originaire la gymnaste Nadia Comaneci ? Roumanie
67%
Quel pays s'appelait autrefois Guyane hollandaise ? Suriname
65%
Qui a fondé l'Académie française en 1635 ? Richelieu
57%
Quelle est la profession de Jean Nouvel ? voir photo architecte
55%
Intoxication par le plomb ou par les sels de plomb saturnisme
53%
Qui tient le rôle de "Max le menteur" dans le film "Touchez pas au grisbi" de 1954 ? prénom et nom Jean Gabin
40%
Dans quelle ville Vincent Van Gogh a-t-il peint la série de 7 tableaux "Les tournesols" entre 1888 et 1889 ? Arles
19%
Quel était le prénom courant du compositeur a qui l'on doit la célèbre "Marche nuptiale" extraite de "Songe d'une nuit d'été" ? Felix
16%
Aucun quiz correspondant
Distribution des résultats
% des personnes avec chaque résultat
Percentile par nombre de réponses
Votre historique - résultats
Vous n’avez pas pris ce quiz